000 00440nam a2200181Ia 4500
001 813
005 20260306140545.0
008 260306t2008||||xx |||||||||||||| ||spa||
041 _aESP
082 _a170
_bG51A
100 _aGiusti, Miguel
_eAUT
245 0 _aEl soñado bien, el mal presente:
_brumores de la ética
260 _c2008
300 _a246 páginas :
_c23 cm.
650 _aGEN
654 _aCHU
942 _cLIB
_dJUS
_fJUS
_2ddc
_n
999 _c813
_d813